| 000 | 00530nam a22001937a 4500 | ||
|---|---|---|---|
| 001 | BT-PhCST | ||
| 003 | BT-PhCST | ||
| 005 | 20190204171645.0 | ||
| 008 | 151030b xxu||||| |||| 00| 0 eng d | ||
| 020 | _a9781780670102 | ||
| 040 |
_aBT-PhCST _cBT-PhCST _dBT-PhCST |
||
| 050 | _a18317-18319 | ||
| 082 |
_222 _a729.28 |
||
| 100 | _aEntwistle, Jill | ||
| 245 | _aDetail in contemporary lighting design / | ||
| 260 |
_aLondon, _bLawrence king Publishing Ltd. _cc2011. |
||
| 300 |
_a192p. ; _bill. ; _c36 cm. _eCD |
||
| 942 |
_2ddc _cAE |
||
| 999 |
_c6006 _d6006 |
||